University Home | Library Home | Institutional Repository

Anaesthesia Rounds: (Record no. 46540)

MARC details
000 -LEADER
fixed length control field 00625cam0a220016900 4500
005 - DATE AND TIME OF LATEST TRANSACTION
control field 20190814095830.0
008 - FIXED-LENGTH DATA ELEMENTS--GENERAL INFORMATION
fixed length control field 030910
035 ## - SYSTEM CONTROL NUMBER
System control number (Sirsi) a145708
050 #0 - LIBRARY OF CONGRESS CALL NUMBER
Classification number RD 82
Item number COA
100 1# - MAIN ENTRY--PERSONAL NAME
Personal name Coates, David
Linkage A102819.1
245 10 - TITLE STATEMENT
Title Anaesthesia Rounds:
Remainder of title Control of Blood pressure during anaesthesia/
Statement of responsibility, etc. by david coates and Humphry davy
260 ## - PUBLICATION, DISTRIBUTION, ETC.
Place of publication, distribution, etc. Oxfordshire:a
Name of publisher, distributor, etc. The Medicine group,
Date of publication, distribution, etc. [1995]
504 ## - BIBLIOGRAPHY, ETC. NOTE
Bibliography, etc. note Includes bibliographical references
650 #0 - SUBJECT ADDED ENTRY--TOPICAL TERM
Topical term or geographic name entry element Anaesthesia
Linkage S74.1
650 #0 - SUBJECT ADDED ENTRY--TOPICAL TERM
Topical term or geographic name entry element Blood pressure -- Regulation
General subdivision Blood pressure -- Regulation
Linkage S74860.1
700 00 - ADDED ENTRY--PERSONAL NAME
Personal name Davy,Humphry
Linkage A116341.1

No items available.

© 2026 - The University of Zambia Library - Koha v25.11